[Event "Novokuznetsk SFO-ch U15"]
[Site "Novokuznetsk"]
[Date "2014.11.10"]
[Round "9"]
[White "Batalov, Aleksandr"]
[Black "Bazhenov, Aleksandr Ivanovich"]
[Result "1-0"]
[WhiteElo "2055"]
[BlackElo "1902"]
[PlyCount "125"]
[EventDate "2014.11.02"]
[EventType "swiss"]
[EventRounds "9"]
[EventCountry "RUS"]
[SourceTitle "CBM 163 Extra"]
[Source "ChessBase"]
[SourceDate "2014.12.23"]
[SourceVersion "1"]
[SourceVersionDate "2014.12.23"]
[SourceQuality "1"]

1. d4 d5 2. Nf3 Nf6 3. b3 Bf5 4. Bb2 e6 5. Nbd2 h6 6. e3 Nbd7 7. c4 Ne4 8. Nxe4 Bxe4 9. Nd2 Bh7 10. Be2 Be7 11. 0-0 0-0 12. Rc1 Nf6 13. Re1 dxc4 14. Nxc4 c6 15. Bd3 Bxd3 16. Qxd3 c5 17. Red1 Qd5 18. dxc5 Qxd3 19. Rxd3 Bxc5 20. Bxf6 gxf6 21. Rd7 b6 22. g3 Rfd8 23. Rcd1 Be7 24. Kf1 Kf8 25. Ke2 Ke8 26. Rxd8+ Rxd8 27. Rxd8+ Kxd8 28. e4 Kd7 29. Ne3 Bf8 30. f3 Kc6 31. Kd3 Kc5 32. Kc3 Bg7 33. b4+ Kc6 34. Kc4 b5+ 35. Kd3 Kb6 36. Nc2 a5 37. a3 axb4 38. axb4 Bf8 39. Kc3 Bd6 40. Ne3 h5 41. Nf1 Kc6 42. Ne3 Be5+ 43. Kd3 Bd6 44. Nc2 Kb6 45. Ke3 Kc7 46. f4 Kd7 47. Kf3 Ke8 48. h3 Kf8 49. h4 Kg7 50. Ke3 Kf8 51. Kd3 Ke7 52. Nd4 e5 53. Nf5+ Kd7 54. Nxd6 Kxd6 55. Ke3 Ke6 56. Kf3 f5 57. exf5+ Kxf5 58. fxe5 Kxe5 59. g4 hxg4+ 60. Kxg4 Ke4 61. h5 f5+ 62. Kh3 Ke3 63. h6 1-0

[Event "Novokuznetsk SFO-ch U15"]
[Site "Novokuznetsk"]
[Date "2014.11.02"]
[Round "1"]
[White "Batalov, Aleksandr"]
[Black "Snegirev, Sergey"]
[Result "1-0"]
[WhiteElo "2055"]
[BlackElo "1748"]
[PlyCount "57"]
[EventDate "2014.11.02"]
[EventType "swiss"]
[EventRounds "9"]
[EventCountry "RUS"]
[SourceTitle "CBM 163 Extra"]
[Source "ChessBase"]
[SourceDate "2014.12.23"]
[SourceVersion "1"]
[SourceVersionDate "2014.12.23"]
[SourceQuality "1"]

1. e4 c5 2. Nf3 Nc6 3. d4 cxd4 4. Nxd4 g6 5. Nc3 Bg7 6. Be3 Nf6 7. Bc4 0-0 8. Bb3 d6 9. f3 Bd7 10. Qd2 Nxd4 11. Bxd4 b5 12. h4 a5 13. Nd5 e6 14. Nxf6+ Bxf6 15. Bxf6 Qxf6 16. c3 Qe5 17. 0-0-0 Ra6 18. Bc2 Rc8 19. f4 Qc5 20. h5 b4 21. hxg6 fxg6 22. Rh3 Rc7 23. Rdh1 Bc8 24. e5 bxc3 25. Rxc3 Qb6 26. exd6 Rxc3 27. Qxc3 Qc6 28. Qf6 Qxd6 29. Rxh7 1-0

[Event "Novokuznetsk U21 op"]
[Site "Novokuznetsk"]
[Date "2014.06.16"]
[Round "2"]
[White "Batalov, Aleksandr"]
[Black "Sozin, Stepan"]
[Result "0-1"]
[WhiteElo "2033"]
[BlackElo "2317"]
[PlyCount "56"]
[EventDate "2014.06.15"]
[EventType "swiss"]
[EventRounds "9"]
[EventCountry "RUS"]
[SourceTitle "EXT 2015"]
[Source "ChessBase"]
[SourceDate "2014.11.20"]
[SourceVersion "1"]
[SourceVersionDate "2014.11.20"]
[SourceQuality "1"]

1. e4 c5 2. Nf3 d6 3. d4 cxd4 4. Nxd4 Nf6 5. Nc3 g6 6. Be3 Bg7 7. Bc4 0-0 8. f3 Nc6 9. Qd2 Bd7 10. 0-0-0 Rb8 11. Bb3 Na5 12. Bh6 Bxh6 13. Qxh6 b5 14. h4 e5 15. Nde2 b4 16. Nd5 Nxb3+ 17. axb3 Nxd5 18. Rxd5 Rb6 19. h5 g5 20. f4 Bg4 21. Nd4 gxf4 22. Nf5 Bxf5 23. exf5 f6 24. Rh4 Rf7 25. Rg4+ Kh8 26. g3 Qa8 27. Rd1 Ra6 28. Kb1 Qf3 0-1